=LDR 00000nam 2200000 4500 =001 INLIS000000000045469 =990 ##$$a 21419881 =005 20200206023844 =990 ##$$a 21419877 =035 ##$$a 0010-021500000000029 =990 ##$$a 21419878 =008 200206################g##########0#ind## =990 ##$$a 21419879 =020 ##$$a 978-979-29-1443-6 =990 ##$$a 21419880 =040 ##$$a NBPDMAT =082 ##$$a 006.42 =090 ##$$a 006.42 $d Dar p =100 ##$$a Darma Putra =245 1#$$a Pengolahan Citra Digital /$c Darma Putra =250 ##$$a Cet. 1 =260 ##$$a Yogyakarta :$b Andi,$c 2010 =300 ##$$a xxviii, 420 hlm. : $b ilus ; $c 23 cm. =650 #4$$a Citra Digital (Komputer) =084 ##$$a 006.42 DAR p =990 ##$$a 21419877 =990 ##$$a 21419878 =990 ##$$a 21419879 =990 ##$$a 21419880 =990 ##$$a 21419881